Media archaeology (Record no. 148553)

MARC details
000 -LEADER
fixed length control field 02833nam a2200385 a 4500
001 - CONTROL NUMBER
control field vtls003239220
003 - CONTROL NUMBER IDENTIFIER
control field MY-SjTCS
005 - DATE AND TIME OF LATEST TRANSACTION
control field 20200226115439.0
006 - FIXED-LENGTH DATA ELEMENTS--ADDITIONAL MATERIAL CHARACTERISTICS
fixed length control field m u
007 - PHYSICAL DESCRIPTION FIXED FIELD--GENERAL INFORMATION
fixed length control field cr cn|||||||||
008 - FIXED-LENGTH DATA ELEMENTS--GENERAL INFORMATION
fixed length control field 120829s2011 caua sb 001 0 eng d
010 ## - LIBRARY OF CONGRESS CONTROL NUMBER
Canceled/invalid LC control number 2010-037380
020 ## - INTERNATIONAL STANDARD BOOK NUMBER
Canceled/invalid ISBN 9780520262737 (cloth : alk. paper)
020 ## - INTERNATIONAL STANDARD BOOK NUMBER
Canceled/invalid ISBN 9780520262744 (pbk.)
020 ## - INTERNATIONAL STANDARD BOOK NUMBER
Canceled/invalid ISBN 9780520948518 (e-book)
035 ## - SYSTEM CONTROL NUMBER
System control number (OCoLC)754710231
035 ## - SYSTEM CONTROL NUMBER
System control number (CaPaEBR)ebr10498120
039 #9 - LEVEL OF BIBLIOGRAPHIC CONTROL AND CODING DETAIL [OBSOLETE]
-- 201208291111
-- wilmina
040 ## - CATALOGING SOURCE
Original cataloging agency CaPaEBR
Transcribing agency CaPaEBR
050 14 - LIBRARY OF CONGRESS CALL NUMBER
Classification number P90
Item number .M36622 2011eb
082 04 - DEWEY DECIMAL CLASSIFICATION NUMBER
Classification number 302.23
Edition number 22
245 00 - TITLE STATEMENT
Title Media archaeology
Medium [electronic resource] :
Remainder of title approaches, applications, and implications /
Statement of responsibility, etc. edited by Erkki Huhtamo and Jussi Parikka.
260 ## - PUBLICATION, DISTRIBUTION, ETC.
Place of publication, distribution, etc. Berkeley, Calif. :
Name of publisher, distributor, etc. University of California Press,
Date of publication, distribution, etc. c2011.
300 ## - PHYSICAL DESCRIPTION
Extent x, 356 p. :
Other physical details ill.
504 ## - BIBLIOGRAPHY, ETC. NOTE
Bibliography, etc. note Includes bibliographical references and index.
505 0# - FORMATTED CONTENTS NOTE
Formatted contents note Introduction: toward an archaeology of media archaeology / Erkki Huhtamo and Jussi Parikka -- Engines of/in the imaginary. Dismantling the fairy engine: media archaeology as topos study / Erkki Huhtamo -- On the archaeology of imaginary media / Eric Kluitenberg -- On the origins of the origins of the influencing machine / Jeffrey Sconce -- Freud and the technical media : the enduring magic of the wunderblock / Thomas Elsaesser -- (Inter)facing media. The "baby talkie," domestic media, and the Japanese modern / Machiko Kusahara -- The observer's dilemma : to play or not to play / Wanda Strauven -- The game player's duty : the user as the gestalt of the ports / Claus Pias -- The enduring ephemeral, or the future is a memory / Wendy Hui Kyong Chun -- Between analog and digital. Erased dots & rotten dashes-how to wire a head for a preservation / Paul deMarinis -- Media archaeography-method & machine versus history & narrative of media / Wolfgang Ernst -- Mapping noise : techniques and tactics of irregularities, interception and disturbance / Jussi Parikka -- Objects of our affection : how object-orientation made computers a medium / Casey Alt -- Digital media archaeology : interpreting computational processes / Noah Wardrip-Fruin -- Afterword : media archaeology and re-presencing the past / Vivian Sobchack.
533 ## - REPRODUCTION NOTE
Type of reproduction Electronic reproduction.
Place of reproduction Palo Alto, Calif. :
Agency responsible for reproduction ebrary,
Date of reproduction 2011.
Note about reproduction Available via World Wide Web.
-- Access may be limited to ebrary affiliated libraries.
650 #0 - SUBJECT ADDED ENTRY--TOPICAL TERM
Topical term or geographic name entry element Mass media.
650 #0 - SUBJECT ADDED ENTRY--TOPICAL TERM
Topical term or geographic name entry element Information technology.
655 #7 - INDEX TERM--GENRE/FORM
Genre/form data or focus term Electronic books.
Source of term local
700 1# - ADDED ENTRY--PERSONAL NAME
Personal name Huhtamo, Erkki.
700 1# - ADDED ENTRY--PERSONAL NAME
Personal name Parikka, Jussi,
Dates associated with a name 1976-
710 2# - ADDED ENTRY--CORPORATE NAME
Corporate name or jurisdiction name as entry element ebrary, Inc.
9 (RLIN) 25628
856 40 - ELECTRONIC LOCATION AND ACCESS
Uniform Resource Identifier https://ezproxy.taylors.edu.my/login?url=http://site.ebrary.com/lib/taylorscollege/Doc?id=10498120
Public note An electronic book accessible through the World Wide Web; click to view
Holdings
Withdrawn status Lost status Damaged status Not for loan Home library Current library Date acquired Total Checkouts Date last seen Price effective from Koha item type
      e-book Taylor's Library-TU Taylor's Library-TU 07/02/2020   07/02/2020 07/02/2020 E-Book